Poučíme se z Evropy? Podpora malých a středních podniků v ES.

Prednosti malých a stredných podnikov. Nevýhody: ťažko sa orientujú v právnych, správnych a daňových predpisoch, ťažšie prenikajú na trhy, obmedzený prístup k verejným zákazkám, nedostatok kapitálu. K prekonaniu nevýhod navrhla Komisia ES v r. 1986 pomerne ucelený program pre MSP, ktorý sleduje vytv...

Celý popis

Uložené v:
Podrobná bibliografia
Hlavný autor: Tíkal, S.
Médium: Kapitola
Jazyk:Czech
Predmet:
Tagy: Pridať tag
Žiadne tagy, Buďte prvý, kto otaguje tento záznam!

MARC

LEADER 00000naa a2200000 4500
001 r006997
005 20220831083956.3
041 0 |a cze 
044 |a [CS] 
245 1 0 |a Poučíme se z Evropy?  |b Podpora malých a středních podniků v ES.  |c S. Tíkal 
520 |a Prednosti malých a stredných podnikov. Nevýhody: ťažko sa orientujú v právnych, správnych a daňových predpisoch, ťažšie prenikajú na trhy, obmedzený prístup k verejným zákazkám, nedostatok kapitálu. K prekonaniu nevýhod navrhla Komisia ES v r. 1986 pomerne ucelený program pre MSP, ktorý sleduje vytvorenie priaznivejších podmienok lepšie kapitálové vybavenie a posilnenie adaptability. Opatrenia na uskutočnenie uvedeného cieľa. 
610 2 0 |a podnik malý 
610 2 0 |a podnik stredný 
610 2 0 |a Európske spoločenstvá 
610 2 0 |a politika hospodárska 
100 1 |a Tíkal, S.